00460nam a2200133 a 4500008004100000020001800041050001700059100002000076245013200096260003000228300002000258350001100278650003700289160422s2008 ||||||||||||||||| || u a9780444531841 aTC 175.2 Sed aKusuda, Tetsuya10aSediment and ecohydraulics INTERCOH 2005cEdited by Tetsuya Kusuda, Hiroyuki Yamanishi, Jeremy Spearman [and] Joseph Z. Gailani aAmsterdambElsevierc2008 axv, 502p.: ill. a310.00 aSEDIMENT TRANSPORT -- CONGRESSES